Detalles MARC
| 000 -CABECERA |
| campo de control de longitud fija |
01222nam a2200253 a 4500 |
| 001 - NÚMERO DE CONTROL |
| campo de control |
000036038 |
| 005 - FECHA Y HORA DE LA ÚLTIMA TRANSACCIÓN |
| campo de control |
20260414172528.0 |
| 008 - DATOS DE LONGITUD FIJA--INFORMACIÓN GENERAL |
| campo de control de longitud fija |
111124s1996 sp a 001 0 spa d |
| 020 ## - NÚMERO INTERNACIONAL ESTÁNDAR DEL LIBRO |
| Número Internacional Estándar del Libro |
848236023x |
| 040 ## - FUENTE DE LA CATALOGACIÓN |
| Centro catalogador/agencia de origen |
DO-SdBNP |
| Lengua de catalogación |
spa |
| Centro/agencia transcriptor |
BNPHU |
| 082 ## - NÚMERO DE LA CLASIFICACIÓN DECIMAL DEWEY |
| Número de clasificación |
750 |
| Número de documento/Ítem |
C977b, [1996?] |
| 245 00 - MENCIÓN DE TÍTULO |
| Título |
Curso básico de técnicas de dibujo y pintura / |
| Mención de responsabilidad, etc. |
traducción, Arantxa Sáenz Segarra, Carmen Vilaseca Gilabert. |
| 260 ## - PUBLICACIÓN, DISTRIBUCIÓN, ETC. |
| Lugar de publicación, distribución, etc. |
Barcelona : |
| Nombre del editor, distribuidor, etc. |
Idea Books, |
| Fecha de publicación, distribución, etc. |
[1996?]. |
| 300 ## - DESCRIPCIÓN FÍSICA |
| Extensión |
6v. : |
| Otras características físicas |
il. ; |
| Dimensiones |
30 cm. |
| 500 ## - NOTA GENERAL |
| Nota general |
Título tomado de la carpeta |
| 505 0# - NOTA DE CONTENIDO CON FORMATO |
| Información miscelánea |
v.1. Técnicas básicas de dibujo / |
| Mención de responsabilidad |
Greg Albert, |
| -- |
Rachel Wolf -- |
| Información miscelánea |
v.2. Técnicas básicas de acuarela / |
| Mención de responsabilidad |
Greg Albert, |
| -- |
Rachel Wolf -- |
| Información miscelánea |
v.3. Técnicas básicas de bodegones / |
| Mención de responsabilidad |
Rachel Wolf -- |
| Información miscelánea |
v.4. Técnicas básicas de dibujo de figura / |
| Mención de responsabilidad |
Greg Albert -- |
| Información miscelánea |
v.5 Técnicas básicas de paisajismo / |
| Mención de responsabilidad |
Greg Albert, |
| -- |
Rachel Wolf -- |
| Información miscelánea |
v.6 Técnicas básicas de óleo / |
| Mención de responsabilidad |
Greg Albert, |
| -- |
Rachel Wolf |
| 650 #0 - PUNTO DE ACCESO ADICIONAL DE MATERIA--TÉRMINO DE MATERIA |
| Término de materia o nombre geográfico como elemento de entrada |
Pintura |
| 9 (RLIN) |
62084 |
| 650 #4 - PUNTO DE ACCESO ADICIONAL DE MATERIA--TÉRMINO DE MATERIA |
| Término de materia o nombre geográfico como elemento de entrada |
Dibujo |
| Subdivisión general |
Ténica |
| 9 (RLIN) |
62085 |
| 700 12 - PUNTO DE ACCESO ADICIONAL--NOMBRE DE PERSONA |
| Nombre de persona |
Albert, Greg, |
| Término indicativo de función/relación |
ed. |
| 9 (RLIN) |
62086 |
| 700 12 - PUNTO DE ACCESO ADICIONAL--NOMBRE DE PERSONA |
| Nombre de persona |
Wolf, Rachel, |
| Término indicativo de función/relación |
ed. |
| 9 (RLIN) |
62087 |
| 700 12 - PUNTO DE ACCESO ADICIONAL--NOMBRE DE PERSONA |
| Nombre de persona |
Sáenz Segarra, Arantxa |
| 9 (RLIN) |
62088 |
| 700 12 - PUNTO DE ACCESO ADICIONAL--NOMBRE DE PERSONA |
| Nombre de persona |
Vilaseca Gilabert, Carmen |
| 9 (RLIN) |
62089 |
| 910 ## - DATOS DE OPCIÓN DEL USUARIO (OCLC) |
| Datos de opción del usuario |
Validado. Control de calidad MFF |